000 00619nam a2200253Ia 4500
003 OSt
005 20221007105104.0
006 a|||||r|||| 00| 0
007 ta
008 221006b |||||||| |||| 00| 0 eng d
024 _a17,598
037 _cTextual
040 _aLCO
_cLCO
_beng
041 _2eng
_aeng
082 _aZ2,345, M1
100 _aChalmers
245 0 _aSale of Goods Act, 1979
250 _a18th
260 _aLondon
_bButterworths UK
_c1981
300 _a405
650 _aSALE OF GOODS
_9461698
942 _hZ2,345, M1
_cTEXL
999 _c1187161
_d1187161